000
00245nam a2200109Ia 4500
999
_c
8008
_d
8008
020
_a
978-1861001207
100
_a
Grimes, Richard
245
0
_a
Beginning ATL 3 COM Programming
260
_a
India
_b
McGraw Hill
_c
2001
300
_a
858
942
_c
BK